Anali Ekonomskog fakulteta u Subotici
Gespeichert in:
| Format: | Schriftenreihe |
|---|---|
| Sprache: | Serbisch Englisch |
| Veröffentlicht: |
Subotica
Univerzitet u Novom Sadu
|
| Tags: |
Keine Tags, Fügen Sie das erste Tag hinzu!
|
MARC
| LEADER | 00000nas1a2200000 4500 | ||
|---|---|---|---|
| 001 | 0277476 | ||
| 005 | 20210726092312.5 | ||
| 022 | |a 0350-2120 | ||
| 022 | |a 2683-4162 | ||
| 041 | 0 | |a srp | |
| 041 | 0 | |a eng | |
| 044 | |a RS | ||
| 245 | 1 | 0 | |a Anali Ekonomskog fakulteta u Subotici |
| 264 | 1 | |a Subotica |b Univerzitet u Novom Sadu | |